| 000 | 00927nam a2200205Ia 4500 | ||
|---|---|---|---|
| 001 | 23194 | ||
| 003 | GE_BSU | ||
| 008 | 181216s||||||||xx |||||||||||||| ||und|| | ||
| 040 | _cGE_BSU | ||
| 080 | _a821.14'01-1 | ||
| 245 | _aსაფოდან კასიამდე: ძველი სამყაროს პოეტი ქალები | ||
| 245 | _cბერძ. და ლათ. ენებიდან თარგმნა, შესავალი და კომენტ. დაურთო ნანა ტონიამ ; რედ.: ცირა ინწკირველი | ||
| 260 | _aთბილისი | ||
| 260 | _bმერანი | ||
| 260 | _c1990 | ||
| 300 | _a206 გვ. : ილ. ; 20 სმ. | ||
| 541 | _h7ლ. 15თ. | ||
| 653 | _aსაფოდან კასიამდე : ძველი სამყაროს პოეტი ქალები | ||
| 942 | _cBK | ||
| 999 |
_c56093 _d56093 |
||